[Event "ISR-chT U14"]
[Site "Afula"]
[Date "2022.08.23"]
[Round "7"]
[White "Giller, Roy"]
[Black "Mond, Omri"]
[Result "0-1"]
[WhiteElo "1441"]
[BlackElo "1599"]
[PlyCount "70"]
[EventDate "2022.08.21"]
[EventType "team-tourn"]
[EventRounds "9"]
[EventCountry "ISR"]
[SourceTitle "CBM 210 Extra"]
[Source "ChessBase"]
[SourceDate "2022.11.30"]
[SourceVersion "1"]
[SourceVersionDate "2022.11.30"]
[SourceQuality "1"]

1. d4 d5 2. Bf4 Nf6 3. e3 g6 4. Nf3 Bg7 5. Bd3 Nbd7 6. c3 c6 7. Nbd2 Nh5 8. Bg3 Nxg3 9. hxg3 e5 10. dxe5 Nxe5 11. Nxe5 Bxe5 12. Nf3 Bg7 13. Qc2 Qa5 14. Qb3 Qc7 15. Qc2 Bd7 16. e4 0-0-0 17. 0-0-0 Be6 18. Kb1 h5 19. Ng5 dxe4 20. Nxe4 Qa5 21. c4 Rd4 22. Nd2 Rxd3 23. Qxd3 Bf5 24. Ne4 Qe5 25. Qe2 Qxe4+ 26. Qxe4 Bxe4+ 27. Ka1 Bxg2 28. Rhg1 Bf3 29. Rc1 Rd8 30. Rc2 Be4 31. Re2 Bd3 32. Rd2 Bxc4 33. Rxd8+ Kxd8 34. Rd1+ Bd5 35. Kb1 g5 0-1